000 00217nam a2200097Ia 4500
008 230915s9999 xx 000 0 und d
050 _aQH308.2.M33 C.1
100 _aSYLVIA S. MADER
245 0 _aBIOLOGY
942 _cBK
999 _c192291
_d192291